El Salvador: declaración de la Dirección Revolucionaria Unificada
সংরক্ষণ করুন:
| বিন্যাস: | পাঠ্য |
|---|---|
| ভাষা: | Spanish |
| বিষয়গুলি: | |
| ট্যাগগুলো: |
ট্যাগ যুক্ত করুন
কোনো ট্যাগ নেই, প্রথমজন হিসাবে ট্যাগ করুন!
|
MARC
| LEADER | 00000 a a2200000 04500 | ||
|---|---|---|---|
| 001 | 17996 | ||
| 003 | cru CIDCACS/IIS | ||
| 005 | 20191122150159.0 | ||
| 008 | 191122b ||||| |||| 00| 0 spa d | ||
| 999 | |c 42632 |d 42632 | ||
| 040 | |c cru CIDCACS/IIS | ||
| 245 | 0 | 3 | |a El Salvador: |b declaración de la Dirección Revolucionaria Unificada |
| 300 | |a páginas 504-507 | ||
| 650 | 0 | |a POLITICA |9 3691 | |
| 650 | 4 | |a MILITARISMO |9 1934 | |
| 650 | 0 | |a DEMOCRACIA |9 83 | |
| 650 | 4 | |a RECESION ECONOMICA |9 1935 | |
| 651 | 4 | |9 1928 |a EL SALVADOR | |
| 773 | 0 | |0 42391 |9 3854 |a Agencia Latinoamericana de Información, ALAI |d Quito, Ecuador: ALAI |o 04441 |t ALAI: |x 08275564 (Servicio mensual de información y documentación) | |
| 942 | |2 ddc |c PP | ||
